00634nam a2200217Ia 4500001000500000003000500005008004100010010001100051040000900062082001800071100002000089245007400109260005900183300001100242440000500253500004400258503000500302650002900307650003200336650004800368Z_57CHAP220113s1986 xx 000 0 und d a163023 cCHAP a636.0896 C63y aCoffin, David L aLaboratorio clínico en medicina veterinaria /cpor David L. Coffin aMéxico, D. F. :bLa Prensa Médica Mexicana,c1986 a335 p. a aTrad. de : la 3 ed. en inglés de 1952 a aPatología veterinaria  aVeterinariaxDiagnóstico  aVeterinariaxMétodos de laboratorio I. t.